Statistiken für League of Legends Powerspikes

Klicken Sie hier um das Quiz zu spielen!

Allgemein

  • Dieses Quiz wurde 18 mal gespielt
    (14 seit der letzten Aktualisierung)
  • Das Durchschnittsergebnis liegt bei 4 aus 75

Antwortstatistiken

ChampionPowerspikesLevel Powerspikes% Korrekt
AatroxAatrox 3,3,2
79%
AhriAhri 2,3,2
43%
AkaliAkali 3,3,2
29%
KassadinKassadin 1,2,3
29%
KayleKayle 1,2,3
21%
VayneVayne 1,2,3
21%
AlistarAlistar 2,2,2
14%
AzirAzir 1,2,3
14%
CorkiCorki 1,2,3
14%
Lee SinLee Sin 3,3,1
14%
AsheAshe 2,2,3
7%
BlitzcrankBlitzcrank 3,2,1
7%
CaitlynCaitlyn 3,1,3
7%
DariusDarius 3,3,2
7%
EkkoEkko 2,3,2
7%
FioraFiora 1,2,3
7%
KindredKindred 1,2,3
7%
LucianLucian 3,3,2
7%
LuxLux 2,2,3
7%
Master YiMaster Yi 1,2,3
7%
AmumuAmumu 1,3,2
0%
AniviaAnivia 2,2,3
0%
AnnieAnnie 3,3,2
0%
Aurelion SolAurelion Sol 2,3,2
0%
BardBard 2,1,3
0%
BrandBrand 3,2,2
0%
BraumBraum 2,2,2
0%
CamilleCamille 3,2,2
0%
CassiopeiaCassiopeia 2,2,3
0%
Cho GathCho Gath 1,2,3
0%
DianaDiana 1,3,2
0%
DravenDraven 3,3,2
0%
Dr. MundoDr. Mundo 1,2,3
0%
EliseElise 3,3,1
0%
EvelynnEvelynn 2,3,1
0%
EzrealEzreal 2,3,2
0%
FiddlesticksFiddlesticks 2,3,2
0%
FizzFizz 2,3,2
0%
GalioGalio 2,2,2
0%
GangplankGangplank 2,2,3
0%
GarenGaren 3,3,1
0%
GargasGargas 2,2,2
0%
GnarGnar 2,2,2
0%
GravesGraves 2,2,3
0%
HecarimHecarim 2,3,1
0%
HeimerdingerHeimerdinger 3,2,2
0%
IllaoiIllaoi 3,3,1
0%
IreliaIrelia 2,3,2
0%
IvernIvern 1,2,2
0%
JannaJanna 2,2,3
0%
JarvanJarvan 2,3,1
0%
JaxJax 2,3,3
0%
JayceJayce 3,3,1
0%
JhinJhin 2,2,2
0%
JinxJinx 1,2,3
0%
Kai´saKai´sa 1,2,3
0%
KalistaKalista 3,2,2
0%
KarmaKarma 3,2,1
0%
KarthusKarthus 2,3,3
0%
KatarinaKatarina 3,2,2
0%
KaynKayn 1,3,2
0%
KennenKenne 2,3,2
0%
Kha´ZixKha´Zix 3,3,2
0%
KledKled 3,3,2
0%
Kog´MawKog´Maw 1,2,3
0%
LeBlancLeBlanc 3,3,1
0%
LeonaLeona 3,3,2
0%
LissandraLissandra 2,3,2
0%
LuluLulu 2,2,3
0%
MalphiteMalphite 1,3,2
0%
MalzaharMalzahar 2,2,3
0%
MaokaiMaokai 2,3,3
0%
Miss FortuneMiss Fortune 3,3,2
0%
MordekaiserMordekaiser 2,3,2
0%
WukongWukong 2,3,2
0%

Verteilung der Resultate

Perzentil nach korrekt beantworteten Fragen

Anzahl Personen mit jedem Resultat

Ihre Resultats-Entwicklung

Sie haben dieses Quiz seit der letzten Aktualisierung nicht gespielt